000 00661nam a2200265Ia 4500
005 20260306164505.0
008 008 260114s9999 xx 000 0 eng d
020 _a9780191943836
037 _aEBOOK
040 _aCRL
040 _beng
040 _cCRL
041 _2eng
041 _aeng
084 _qCRL
100 _aCélestin Monga
_91130873
245 4 _aThe Oxford Handbook Of The Economy Of Cameroon
260 _bOxford University Press
260 _c2023
650 _aBusiness Economics & Finance
856 _uhttps://academic.oup.com/edited-volume/45500
942 _cEBOOK
999 _c1714269
_d1714269